000 00182nam a2200085Ia 4500
008 170620s9999 xx 000 0 und d
100 _aA.I.R.
245 0 _aALL INDIA REPORTER
260 _b"NAGPUR
260 _cAIR"
999 _c29601
_d29601